| 000 | 00980nam a22002417a 4500 | ||
|---|---|---|---|
| 005 | 20110513142512.0 | ||
| 008 | 110513t xxu||||| |||| 00| 0 eng d | ||
| 010 | _aENG-102480 | ||
| 020 |
_a9788175349551 _c380.00 |
||
| 035 | _aEN-86013 | ||
| 037 | _bDBAD/PUB | ||
| 040 |
_adpl _bEng |
||
| 082 | _a346.096 | ||
| 100 |
_925528 _aKohli, Hari Dev |
||
| 245 |
_aNew case law referencer on dishonour of cheques / _cby Hari Dev kohli |
||
| 250 | _a2nd ed | ||
| 260 |
_aDelhi _bUniversal Law Publishing _c2010 |
||
| 270 |
_aC-FF-1A, Dilkhush Industrial Estate(Near Azadpur Metro Station) G.T.Karnal Road, _bDelhi _e110033 _k011-27438103, 27215334, 42381334 _l011-27458529 _msales@unilawbooks.com, edit@unilawbooks.com |
||
| 300 |
_aIxx, 266 p. _c23cm (pbk) |
||
| 700 | _928039 | ||
| 942 |
_2ddc _cEN _h346.096 _mKOH |
||
| 999 |
_c52440 _d52440 |
||